Block Minecraft Quiz Stats

 Plays Quiz not verified by Sporcle

Also try: Disney Bunker
Challenge
Share
Tweet
Embed
Score 0/286 Timer 20:00
0 Plays Today
Hint Answer % Correct
Block: unbreakable, at the bottom of the worldBedrock
94.9%
Block: found on beaches make brickClay
87.2%
Block: when you mine stone you get itCobblestone
84.6%
Block: invisible,unbreakable and most commonAir
83.3%
Block: obeys gravity and can give you flintGravel
48.7%
Block: obeys gravity and is the main block in desertsSand
48.7%
Block: above with a little green stuff on itMossy cobblestone
43.6%
Block: can only be mined by a diamond pick and used as Nether portalsObsidian
42.3%
Block: most common at sea level none in deserts(solid block)Dirt
37.2%
Block: hardened aboveSandstone
33.3%
Block: chiseled aboveChiseled Sandstone
33.3%
Block: smooth aboveSmooth Sandstone
33.3%
Block: furnaced cobblestoneStone
32.1%
Block: above with a little green stuff on itGrass Block
28.2%
Block: above blockSnow
20.5%
Block: can look through itGlass
20.5%
Block: 4 above makes thisStone bricks
17.9%
Block: cracked aboveCracked stone bricks
17.9%
Block: slab version of cobblestoneCobblestone slab
17.9%
Block: meets with firey liquid to make obsdianWater
17.9%
Block: Halloween decoration with a torchJack-o-Lantern
16.7%
Block: slab version of brickBrick slab
16.7%
Block: slab version of stoneStone slab
16.7%
Block: stair version of cobblestoneCobblestone stairs
16.7%
Block: can burn you if you fall in itLava
16.7%
Block: above with a little green stuffMossy stone bricks
15.4%
Block: slab version of stone brickStone Brick slab
15.4%
Block: stair version of Nether version of brickNether Brick stairs
15.4%
Block: stair version of stone bricksStone Brick stairs
15.4%
Block: minecarts run on itRail
15.4%
Block: Chiseled stoneChiseled stone bricks
14.1%
Block: slab version of Nether version of brickNether Brick slab
14.1%
Block: slab version of white block found in NetherQuartz slab
12.8%
Block: slab version of Birch TreesBirch Wood slab
12.8%
Block: slab version of Spruce TreesSpruce Wood slab
12.8%
Block: slab version of Oak TreesOak Wood slab
12.8%
Block: slab version of Jungle TreesJungle Wood slab
12.8%
Block: slab version of Acacia TreesAcacia Wood slab
12.8%
Block: stair version of brickBrick stairs
12.8%
Block: stair version of white block found in NetherQuartz stairs
12.8%
Block: plank version of Oak TreesOak Wood planks
12.8%
Block: plank version of Jungle TreesJungle Wood planks
12.8%
Block: plank version of Acacia TreesAcacia Wood planks
12.8%
Block: plank version of Dark Oak TreesDark Oak Wood planks
12.8%
Block: slab version of Dark Oak TreesDark Oak Wood slab
11.5%
Block: stair version of Birch TreesBirch Wood stairs
11.5%
Block: stair version of Spruce TreesSpruce Wood stairs
11.5%
Block: stair version of Oak TreesOak Wood stairs
11.5%
Block: stair version of Jungle TreesJungle Wood stairs
11.5%
Block: stair version of Acacia TreesAcacia Wood stairs
11.5%
Block: stair version of Dark Oak TreesDark Oak Wood stairs
11.5%
Block: plank version of Birch TreesBirch Wood planks
11.5%
Block: plank version of Spruce TreesSpruce Wood planks
11.5%
Block: pull and wait and seeLever
11.5%
Block: food to horsesHay Bale
10.3%
Block: green version of Birch Trees(shears only)Birch leaves
10.3%
Block: green version of Spruce Trees(shears only)Spruce leaves
10.3%
Block: green version of Oak Trees(shears only)Oak leaves
10.3%
Block: green version of Jungle Trees(shears only)Jungle leaves
10.3%
Block: green version of Acacia Trees(shears only)Acacia leaves
10.3%
Block: green food that looks like a watermelonMelon
10.3%
Block: what you get from Birch TreesBirch wood
10.3%
Block: what you get from Spruce TreesSpruce wood
10.3%
Block: what you get from Oak TreesOak wood
10.3%
Block: what you get from Jungle TreesJungle wood
10.3%
Block: what you get from Acacia TreesAcacia wood
10.3%
Block: what you get from Dark Oak TreesDark Oak wood
10.3%
Block: play awesome tunesJukebox
10.3%
Block: everything goes kaboom!TNT
10.3%
Block: glows and only found in NetherGlowstone
10.3%
Block: use it to sleepBed
10.3%
Block: can only be eaten when placedCake
10.3%
Block: spiders make these and is very slow to get throughCobweb
10.3%
Block: takes 4 brick to makeBricks
9%
Block: stone version of you step on it and something happensStone Pressure plate
9%
Block: wood version of you step on it and something happensWood Pressure plate
9%
Block: is used to trip peopleTripwire
9%
Block: spiky and painfulCactus
9%
Block: Halloween decoration without a torch insidePumpkin
9%
Block: can only be obtained in creative and can give commands that aren't regularCommand Block
9%
Block: portal to the NetherNether portal
9%
Block: frozen version of waterIce
9%
Block: gray item you get from sheepGray wool
9%
Block: light gray item you get from sheepLight Gray wool
9%
Block: gold version of you step on it and something happensGold Pressure plate
7.7%
Block: iron version of you step on it and something happensIron Pressure plate
7.7%
Block: covering of dirt where the mooshrooms liveMycelium
7.7%
Block: can be used to repair toolsAnvil
7.7%
Block: can be used to store itemsChest
7.7%
Block: used for larger craftingCrafting table
7.7%
Block: burns foreverNetherrack
7.7%
Block: makes you go slower when you walk on itSoul sand
7.7%
Block: outcome of flint and steelFire
7.7%
Block: door used to go under somethingTrapdoor
7.7%
Block: used to go into somethingDoor
7.7%
Block: says written stuff on itSign
7.7%
Hint Answer % Correct
Block: used to go up thingsLadder
7.7%
Block: white item you get from sheepWool
7.7%
Block: orange dyed item you get from sheepOrange wool
7.7%
Block: magenta dyed item you get from sheep Magenta wool
7.7%
Block: light blue dyed item you get from sheepLight Blue wool
7.7%
Block: yellow dyed item you get from sheepYellow wool
7.7%
Block: lime dyed item you get from sheepLime wool
7.7%
Block: pink dyed item you get from sheepPink wool
7.7%
Block: cyan dyed item you get from sheepCyan wool
7.7%
Block: purple dyed item you get from sheepPurple wool
7.7%
Block: blue dyed item you get from sheepBlue wool
7.7%
Block: brown item you get from sheepBrown wool
7.7%
Block: green dyed item you get from sheepGreen wool
7.7%
Block: red dyed item you get from sheepRed wool
7.7%
Block: black item you get from sheepBlack wool
7.7%
Block: White topping of dirt Snow (cover)
6.4%
Block: hardened block found on beaches make brickHardened Clay
6.4%
Block: faster above if onPowered rail
6.4%
Block: hooks two aboves togetherTripwire hook
6.4%
Block: used to shoot stuff at peopleDispenser
6.4%
Block: pushes in and outPiston
6.4%
Block: same as above except sticks to the item it's pushingSticky piston
6.4%
Block: used to brew items and make potionsBrewing stand
6.4%
Block: used for unnatural lightTorch
6.4%
Block: iron version of aboveIron door
6.4%
Block: thinner version of glassGlass pane
6.4%
Block: pressure plated aboveDetector rail
5.1%
Block: refreshes redstone circuitsRedstone repeater
5.1%
Block: the main block of a redstone circuitRedstone dust
5.1%
Block: above except used for long distanceEnder Chest
5.1%
Block: senses daylightDaylight Sensor
5.1%
Block: same as above but if it shoots into a chest the chest will contain itDropper
5.1%
Block: same as chest except be careful when you use itTrapped chest
5.1%
Block: only spawns naturally in Nether fortressesNether brick
5.1%
Block: used to store waterCauldron
5.1%
Block: Nether brick version of item you can't jump overNether Brick fence
5.1%
Block: metal rods like prison barsIron bars
5.1%
Block: white dyed version of glassWhite Stained glass
5.1%
Block: orange dyed version of glassOrange Stained glass
5.1%
Block: magenta dyed version of glassMagenta Stained glass
5.1%
Block: way to contain flowersFlower pot
5.1%
Block: ore of the mineral block used for secondary toolsIron ore
5.1%
Block: ore of the mineral block used for yellow decorationGold ore
5.1%
Block: ore of the mineral block used for circuitsRedstone ore
5.1%
Block: ore of the mineral block used for the best toolsDiamond ore
5.1%
Block: ore of the mineral block that is greenEmerald ore
5.1%
Block: disguising cobblestoneCobblestone monster egg
3.8%
Block: disguising stoneStone monster egg
3.8%
Block: wood with writings in itBookshelf
3.8%
Block: dirt but with a hoeFarmland
3.8%
Block: plays only one musical note and doesn't need music discNote Block
3.8%
Block: lights with Redstone dustRedstone lamp
3.8%
Block: wood version of item you can't jump overFence
3.8%
Block: way to get in through fencesFence gate
3.8%
Block: above that won't meltPacked ice
3.8%
Block: light blue dyed version of glassLight Blue Stained glass
3.8%
Block: yellow dyed version of glassYellow Stained glass
3.8%
Block: lime dyed version of glassLime Stained glass
3.8%
Block: pink dyed version of glassPink Stained glass
3.8%
Block: gray dyed version of glassGray Stained glass
3.8%
Block: light gray dyed version of glassLight Gray Stained glass
3.8%
Block: cyan dyed version of glassCyan Stained glass
3.8%
Block: purple dyed version of glassPurple Stained glass
3.8%
Block: blue dyed version of glassBlue Stained glass
3.8%
Block: brown dyed version of glassBrown Stained glass
3.8%
Block: red dyed version of glassRed Stained glass
3.8%
Block: black dyed version of glassBlack Stained glass
3.8%
Block: white thinner version of glassWhite Stained Glass pane
3.8%
Block: lime thin decoration blocksLime carpet
3.8%
Block: ore of the mineral block used for fuelCoal ore
3.8%
Block: above except blueLapis lazuli ore
3.8%
Block: block of the mineral block used for fuelCoal block
3.8%
Block: disguising stone bricksStone brick monster egg
2.6%
Block: disguising mossy stone bricksMossy stone brick monster egg
2.6%
Block: disguising chiseled stone bricksChiseled stone brick monster egg
2.6%
Block: disguising cracked stone bricksCracked stone brick monster egg
2.6%
Block: can be used to power a redstone circuit or a creation Redstone torch
2.6%
Block: red version of gigantic stammed plantGiant Red mushroom
2.6%
Block: brown version of gigantic stemmed plantGiant Brown mushroom
2.6%
Block: light that can give players status affectsBeacon
2.6%
Block: used to make better toolsEnchantment Table
2.6%
Block: green dyed version of glassGreen Stained glass
2.6%
Block: orange thinner version of glassOrange Stained Glass pane
2.6%
Block: magenta thinner version of glassMagenta Stained Glass pane
2.6%
Block: light blue thinner version of glassLight Blue Stained Glass pane
2.6%
Block: yellow thinner version of glassYellow Stained Glass pane
2.6%
Block: lime thinner version of glassLime Stained Glass pane
2.6%
Block: cyan thinner version of glassCyan Stained Glass pane
2.6%
Block: purple thinner version of glassPurple Stained Glass pane
2.6%
Block: blue thinner version of glassBlue Stained Glass pane
2.6%
Block: pink thinner version of glassPink Stained Glass pane
2.6%
Block: gray thinner version of glassGray Stained Glass pane
2.6%
Block: light gray thinner version of glassLight Gray Stained Glass pane
2.6%
Block: brown thinner version of glassBrown Stained Glass pane
2.6%
Block: green thinner version of glassGreen Stained Glass pane
2.6%
Block: red thinner version of glassRed Stained Glass pane
2.6%
Hint Answer % Correct
Block: black thinner version of glassBlack Stained Glass pane
2.6%
Block: white thin decoration blocksWhite carpet
2.6%
Block: orange thin decoration blocksOrange carpet
2.6%
Block: magenta thin decoration blocksMagenta carpet
2.6%
Block: light blue thin decoration blocksLight Blue carpet
2.6%
Block: yellow thin decoration blocksYellow carpet
2.6%
Block: pink thin decoration blocksPink carpet
2.6%
Block: gray thin decoration blocksGray carpet
2.6%
Block: light gray thin decoration blocksLight Gray carpet
2.6%
Block: purple thin decoration blocksPurple carpet
2.6%
Block: cyan thin decoration blocksCyan carpet
2.6%
Block: blue thin decoration blocksBlue carpet
2.6%
Block: brown thin decoration blocksBrown carpet
2.6%
Block: green thin decoration blocksGreen carpet
2.6%
Block: red thin decoration blocksRed carpet
2.6%
Block: black thin decoration blocksBlack carpet
2.6%
Block: white hardened clayWhite Stained clay
2.6%
Block: orange hardened clayOrange Stained clay
2.6%
Block: magenta hardened clayMagenta Stained clay
2.6%
Block: light blue hardened clayLight Blue Stained clay
2.6%
Block: yellow hardened clayYellow Stained clay
2.6%
Block: lime hardened clayLime Stained clay
2.6%
Block: pink hardened clayPink Stained clay
2.6%
Block: gray hardened clayGray Stained clay
2.6%
Block: light gray hardened clayLight Gray Stained clay
2.6%
Block: cyan hardened clayCyan Stained clay
2.6%
Block: purple hardened clayPurple Stained clay
2.6%
Block: blue hardened clayBlue Stained clay
2.6%
Block: brown hardened clayBrown Stained clay
2.6%
Block: green hardened clayGreen Stained clay
2.6%
Block: red hardened clayRed Stained clay
2.6%
Block: black hardened clayBlack Stained clay
2.6%
Block: block of the mineral block used for secondary toolsIron block
2.6%
Block: block of the mineral block used for yellow decorationGold block
2.6%
Block: block of the mineral block used for circuitsRedstone block
2.6%
Block: block of the mineral block used for the best toolsDiamond block
2.6%
Block: block of the mineral block that is greenEmerald block
2.6%
Block: block of white mineral block that is only found in the NetherQuartz block
2.6%
Block: chiseled block of white mineral block that is only found in the NetherChiseled Quartz block
2.6%
Block: most common block in the End Endstone
2.6%
Block: portal to get the EndEnd portal
2.6%
Block: you push'em and somethin' happensButtons
1.3%
Block: used as a container checkerRedstone comparator
1.3%
Block: stem of gigantic stemmed plantGiant Mushroom stem
1.3%
Block: similar to Mycelium except brownPodzol
1.3%
Block: ore of white mineral block that is only found in the NetherNether Quartz ore
1.3%
Block: above except blueLapis Lazuli block
1.3%
Block: proof that you've killed the Ender DragonDragon egg
1.3%
Block: frames of the End PortalEnd Portal frame
1.3%
Block: yellow block only in creative modeSponge
1.3%
Block: orange veggiesCarrots
1.3%
Block: brown starchesPotatoes
1.3%
Block: first block of paper makingSugar cane
1.3%
Block: red plants that grow in the 'Nether'Nether warts
1.3%
Block: way to grow Birch treesBirch sapling
1.3%
Block: way to grow Spruce treesSpruce sapling
1.3%
Block: way to grow Oak treesOak sapling
1.3%
Block: way to grow Jungle treesJungle sapling
1.3%
Block: way to grow Acacia treesAcacia sapling
1.3%
Block: way to grow Dark Oak treesDark Oak sapling
1.3%
Block: green plant that grows on grass blocksGrass
1.3%
Block: grass that grows in desertsDead bush
1.3%
Block: green item that grows on swamp waterLily pad
1.3%
Block: yellow flowersDandelions
1.3%
Block: small red flowersPoppy
1.3%
Block: Extremely tall red flowerRose bush
1.3%
Block: brown food with a stalkBrown mushroom
1.3%
Block: red food with a stalkRed mushroom
1.3%
Block: natural version of a ladderVines
1.3%
Block: movable chestHopper
0%
Block: green version Dark Oak TreesDark Oak leaves(shears only)
0%
Block: stone version of item you can't jump overCobblestone wall
0%
Block: above with a little green stuff on itMossy Cobblestone wall
0%
Block: pillar block of white mineral block that is only found in the NetherPillar Quartz block
0%
Block: stems of melons or pumpkinsMelon stem
0%
Block: way to make breadWeat
0%
Block: comes from lanternsCocoa beans
0%
Block: pointy green plant that grows on grass blocksFern
0%
Block: blue flowersBlue orchid
0%
Block: small purple flowerAllium
0%
Block: small white flowerAzure bluet
0%
Block: tall red flowerRed tulip
0%
Block: orange flowerOrange tulip
0%
Block: tall white flowerWhite tulip
0%
Block: pink flowerPink tulip
0%
Block: white and yellow flowerOxeye daisy
0%
Block: roundish yellow flowerSunflower
0%
Block: tall purple flowerLilac
0%
Block: light purple flowerPeony
0%
Block: default headThe player
0%
Block: black striped headWither head
0%
Block: white striped headSkeleton head
0%
Block: dark green headZombie head
0%
Block: light green headCreeper head
0%

You're not logged in!

Compare scores with friends on all Sporcle quizzes.
Join for Free
OR
Log In

You Might Also Like...

Show Comments

Extras

Top Quizzes Today


Score Distribution

Your Account Isn't Verified!

In order to create a playlist on Sporcle, you need to verify the email address you used during registration. Go to your Sporcle Settings to finish the process.

Report this User

Report this user for behavior that violates our Community Guidelines.

Details: